Tuan Ruamah Pembantu Rumah : "She's my maid.Not yours..."
| Main Author: | |
|---|---|
| Format: | Book |
| Published: |
Kuala Lumpur :
Fajar Pakeer Sdn Bhd ,
2012
|
MARC
| LEADER | 00000cam a2200000 7i4500 | ||
|---|---|---|---|
| 001 | 0000047060 | ||
| 005 | 20150413.0 | ||
| 008 | 150413 | ||
| 020 | |a 9673650583 | ||
| 020 | |a 9789673650583 | ||
| 090 | 0 | 0 | |a ORK |b MAL |
| 100 | 1 | |a Orkid Edyliyne | |
| 245 | 1 | 0 | |a Tuan Ruamah Pembantu Rumah : |b "She's my maid.Not yours..." |c Orkid Edyliyne |
| 260 | |a Kuala Lumpur : |b Fajar Pakeer Sdn Bhd , |c 2012 | ||
| 999 | |a 0001180997 |b Book |c Adult Collection |e Cawangan Bandar Tenggara | ||